[Event "Challenge"]
[Site "http://www.queenalice.com/game.php?id=357730"]
[Date "2008.2.20"]
[Round "-"]
[White "DedeiTairone"]
[Black "Magrolino"]
[Result "1-0"]
[WhiteElo "1166"]
[BlackElo "1100"]

1. e4 Nf6 2. e5 Nd5 3. Qf3 Nf4 4. Qxf4 d6 5. Qe3 dxe5 6. Qxe5 Nd7 7. Qe2 f5 8.
d4 g5 9. Bxg5 Ne5 10. Qxe5 Rg8 11. Bd2 Rg6 12. Qh8 Rg7 13. Nc3 Be6 14. Bh6 Qxd4
15. Bxg7 Qe4+ 16. Nge2 Qxc2 17. Qxf8+ Kd7 18. Qxa8 Qxb2 19. Rc1 Bb3 20. axb3
Qxb3 21. Qxa7 Qf7 22. Qd4+ Ke8 23. Rd1 Qb3 24. Qd8+ Kf7 25. Qf8+ Ke6 26. h4 f4
27. Rb1 Qc2 28. g3 fxg3 29. fxg3 Kd6 30. Qf4+ e5 31. Qxe5+ Kd7 32. Bf6 c5 33.
Bh3+ Kc6 34. Rf1 b5 35. Rd1 b4 36. Qd5+ 1-0

[Event "Challenge"]
[Site "http://www.queenalice.com/game.php?id=358186"]
[Date "2008.2.21"]
[Round "-"]
[White "fiozzo"]
[Black "Magrolino"]
[Result "1-0"]
[WhiteElo "1328"]
[BlackElo "1114"]

1. e3 Nf6 2. Qf3 e5 3. Bc4 d5 4. Bb3 e4 5. Qf4 Bd6 6. Qg5 h6 7. Qh4 g5 8. Ba4+
c6 9. Qh3 Bxh3 10. gxh3 b5 11. Bb3 c5 12. c3 Nbd7 13. Bc2 Ne5 14. Na3 b4 15.
cxb4 g4 16. Nb5 Nc4 17. Ba4 gxh3 18. Nxd6+ Ke7 19. Nf5+ Ke6 20. Ng3 1-0

[Event "Challenge"]
[Site "http://www.queenalice.com/game.php?id=358640"]
[Date "2008.2.21"]
[Round "-"]
[White "Magrolino"]
[Black "Philipian"]
[Result "0-1"]
[WhiteElo "1265"]
[BlackElo "1053"]

1. Nh3 d5 2. Nf4 Nf6 3. e3 c5 4. Nd3 b6 5. Ne5 Bb7 6. Bb5+ Bc6 7. Nxf7 Kxf7 8.
Bd3 Nbd7 9. c4 e6 10. cxd5 exd5 11. Nc3 Bd6 12. Qf3 Rf8 13. Ne2 Kg8 14. Qh3 Ne5
15. Bf5 h6 16. Qg3 Nd3+ 17. Kf1 Bxg3 18. hxg3 Nxf2 19. Kxf2 Ne4+ 20. Kg1 Rxf5
21. Nf4 Qg5 22. Ne6 Qxg3 23. Rh3 Rf1+ 24. Kxf1 Qf2# 0-1

[Event "game"]
[Site "http://www.queenalice.com/game.php?id=358664"]
[Date "2008.2.22"]
[Round "-"]
[White "Magrolino"]
[Black "Jackie_Chan"]
[Result "1-0"]
[WhiteElo "1069"]
[BlackElo "1356"]

1. Nc3 Nc6 2. Nf3 Nf6 3. d3 e6 4. Ng5 Ne5 5. e4 h6 6. Nh3 Bc5 7. d4 Bd6 8. Nf4
Nc6 9. d5 Ne5 10. Nb5 Bb4+ 11. c3 Ba5 12. b4 Bb6 13. dxe6 fxe6 14. Be3 a6 15.
Na3 Nxe4 16. Nh5 Qe7 17. Nc2 1-0

[Event "AUTO-BEG-189"]
[Site "http://www.queenalice.com/game.php?id=362711"]
[Date "2008.2.28"]
[Round "1"]
[White "Magrolino"]
[Black "valium97"]
[Result "0-1"]
[WhiteElo "1092"]
[BlackElo "1241"]

1. d4 Nf6 2. f3 d6 3. e3 Nbd7 4. Nc3 e5 5. Ne4 Be7 6. dxe5 Nxe5 7. Ng5 h6 8.
Bb5+ c6 9. Ba4 hxg5 10. f4 gxf4 0-1

[Event "AUTO-BEG-189"]
[Site "http://www.queenalice.com/game.php?id=362722"]
[Date "2008.2.28"]
[Round "1"]
[White "ramy"]
[Black "Magrolino"]
[Result "1-0"]
[WhiteElo "1406"]
[BlackElo "1120"]

1. d4 c6 2. c4 Qa5+ 3. Bd2 Qc7 4. Nc3 Nf6 5. e4 c5 6. Nb5 Qb6 7. Bd3 cxd4 8. e5
Ng8 9. Nf3 f6 10. c5 Qc6 11. Nbxd4 Qd5 12. Qc2 Nc6 13. Nb5 Kd8 14. Be4 Qe6 15.
Qa4 Qg4 16. h3 Qxg2 17. Rh2 Qxh2 18. Nxh2 a6 19. Bxc6 dxc6 20. Ba5+ b6 21. Bxb6+
Ke8 22. Nc7+ Kd7 23. Nxa8 fxe5 24. Rd1+ Ke8 25. Qb3 Nf6 26. Nc7# 1-0

[Event "AUTO-BEG-189"]
[Site "http://www.queenalice.com/game.php?id=362723"]
[Date "2008.2.28"]
[Round "1"]
[White "Magrolino"]
[Black "ramy"]
[Result "0-1"]
[WhiteElo "1209"]
[BlackElo "1396"]

1. e4 c6 2. Nc3 d5 3. exd5 cxd5 4. Bb5+ Nc6 5. Qf3 a6 6. Ba4 Nf6 7. Nge2 b5 8.
Bb3 Bg4 9. Qg3 e6 10. Nf4 Bd6 11. Nd1 g5 12. Nd3 Bxg3 13. hxg3 Bxd1 14. Kxd1 Ne4
15. Ke1 Qb6 16. Rh5 Nb4 17. Rh6 Nxd3+ 18. cxd3 Qxf2+ 19. Kd1 Rc8 20. Rh1 Qxg2
21. Re1 Qf3+ 22. Re2 Qf1+ 23. Re1 Nf2# 0-1

[Event "Agora Nóis Vai "]
[Site "http://www.queenalice.com/game.php?id=364751"]
[Date "2008.3.3"]
[Round "-"]
[White "DedeiTairone"]
[Black "Magrolino"]
[Result "0-1"]
[WhiteElo "1219"]
[BlackElo "886"]

1. d4 c6 2. h3 Qa5+ 3. Nc3 e5 4. Rb1 exd4 5. b4 Qf5 6. g4 Qf6 7. Ne4 Qe5 8. f3
h5 9. a4 hxg4 10. fxg4 Qxe4 11. Rh2 Bd6 12. Bg2 Qe6 13. Rh1 Bg3+ 14. Kf1 Qf6+
15. Nf3 Ne7 16. Qxd4 Qg6 17. Rb2 Rh6 18. g5 Nf5 19. Qe4+ Kd8 20. Ne5 Qd6 21.
gxh6 Qd1# 0-1

[Event "Challenge"]
[Site "http://www.queenalice.com/game.php?id=374112"]
[Date "2008.3.20"]
[Round "-"]
[White "Magrolino"]
[Black "DedeiTairone"]
[Result "1-0"]
[WhiteElo "1142"]
[BlackElo "1317"]

1. e3 e5 2. Nf3 d6 3. Nc3 Nd7 4. Nd5 Ngf6 5. Nc3 d5 6. Nb5 Bd6 7. c4 dxc4 8.
Bxc4 Nb6 9. Bb3 Bc5 10. Nxe5 Be6 11. d4 Bb4+ 12. Bd2 Be7 13. Rc1 c6 14. Nc3 Qd6
15. Ne2 Ne4 16. O-O Bf5 17. Qe1 f6 18. Bb4 Qc7 19. Nf7 Rf8 20. Rc5 Nd5 21. Ba5
Rxf7 22. Bxc7 Nxc5 23. Bc4 Nxc7 24. Nf4 Bd6 25. Qe2 Nd5 26. Bxd5 cxd5 27. Qb5+
Nd7 28. Qxb7 Rb8 29. Qxa7 Kd8 30. Qa5+ Kc8 31. Rc1+ Kb7 32. Nxd5 Rc8 33. Qb5+
Ka8 34. Rxc8+ Ka7 35. Qa5+ Kb7 36. Qa8# 1-0

[Event "Challenge"]
[Site "http://www.queenalice.com/game.php?id=374116"]
[Date "2008.3.20"]
[Round "-"]
[White "DedeiTairone"]
[Black "Magrolino"]
[Result "1-0"]
[WhiteElo "1219"]
[BlackElo "1207"]

1. e4 e6 2. d4 Bb4+ 3. Nc3 Bd6 4. e5 Be7 5. Nf3 Nc6 6. d5 Nb4 7. Bc4 h6 8. dxe6
fxe6 9. Ne4 d5 10. Bb5+ c6 11. Ba4 b5 12. Bb3 Bg5 13. Nfxg5 hxg5 14. Bxg5 Ne7
15. Rc1 Rh4 16. Bxh4 Qc7 17. Qh5+ Kd8 18. Qh8+ Kd7 19. Qxg7 Bb7 20. Qxe7+ Kc8
21. Qe8+ 1-0

[Event "Challenge"]
[Site "http://www.queenalice.com/game.php?id=374967"]
[Date "2008.3.21"]
[Round "-"]
[White "Magrolino"]
[Black "FlordeLotus"]
[Result "0-1"]
[WhiteElo "1192"]
[BlackElo "1583"]

1. e3 e6 2. b3 d5 3. Bb5+ Bd7 4. Ba4 c6 5. b4 Bxb4 6. c3 Ba5 7. Qb3 b5 8. Bxb5
cxb5 9. Nf3 Na6 10. Na3 Nc5 11. Qb2 Nd3+ 0-1

[Event "Challenge"]
[Site "http://www.queenalice.com/game.php?id=374974"]
[Date "2008.3.21"]
[Round "-"]
[White "Drica"]
[Black "Magrolino"]
[Result "1-0"]
[WhiteElo "1671"]
[BlackElo "1265"]

1. e4 e6 2. Qf3 Bc5 3. Bc4 d5 4. exd5 exd5 5. Bxd5 Be6 6. Bxb7 Qf6 7. Bxa8 Qe5+
8. Ne2 Nf6 9. Nc3 Bg4 10. Qg3 Qf5 11. h3 Bh5 12. Qxg7 Qxf2+ 13. Kd1 Bb4 14.
Qxh8+ Ke7 15. Qxb8 Bxc3 16. Qxc7+ Nd7 17. Bf3 Be5 18. Qc4 Nb6 19. Qe4 Nd7 20.
Bxh5 Qf6 21. b4 Qg5 22. Ng3 Qf4 23. Nf5+ Kf6 24. Qxf4 Bxf4 25. Nh4 Be5 26. Rf1+
Ke7 27. Rxf7+ Kd6 28. Rb1 Kd5 29. Rxd7+ Ke6 30. Bg4+ Kf6 31. Bb2 Kg5 32. Bxe5
Kxh4 33. Rxh7+ Kg5 34. Rb3 Kg6 35. Rg7+ Kh6 36. Rf3 a5 37. Rf8 axb4 38. Rh8# 1-0

[Event "Revanche"]
[Site "http://www.queenalice.com/game.php?id=375558"]
[Date "2008.3.23"]
[Round "-"]
[White "Magrolino"]
[Black "DedeiTairone"]
[Result "0-1"]
[WhiteElo "1191"]
[BlackElo "1330"]

1. e3 d5 2. b3 e6 3. Bb5+ c6 4. Bd3 Nd7 5. Ba3 Nc5 6. Ne2 Nxd3+ 7. cxd3 Be7 8.
Nf4 Bf6 9. Nc3 Qb6 10. Na4 Qa5 11. b4 Qb5 12. Nc3 Qa6 13. O-O Qxa3 14. Nb1 Qb2
15. Nc3 Qxb4 16. Rb1 Qa5 17. Nce2 e5 18. Nh3 Qxa2 19. Nc3 Qa3 20. Rb3 Bg4 21. f3
Bh5 22. g4 Bg6 23. Rxa3 Bxd3 24. Rf2 Be7 25. e4 Bxa3 26. Qb3 Bc5 27. Qxb7 Rd8
28. Qxc6+ Rd7 29. Qxc5 Nf6 30. Nb5 Kd8 31. exd5 Nxd5 32. Ng5 Re8 33. Ne4 f6 34.
Nbd6 Re6 35. Qxd5 Ke7 36. Qxd3 Rexd6 0-1

[Event "Challenge"]
[Site "http://www.queenalice.com/game.php?id=375634"]
[Date "2008.3.23"]
[Round "-"]
[White "Drica"]
[Black "Magrolino"]
[Result "1-0"]
[WhiteElo "1678"]
[BlackElo "1120"]

1. e4 e6 2. Qf3 Nf6 3. b3 Bc5 4. Bc4 Ng8 5. Bb2 d5 6. exd5 exd5 7. Bxd5 Nf6 8.
Bc4 Nbd7 9. Ne2 Ne5 10. Bxe5 Bb4 11. c3 Bc5 12. d4 Be7 13. Qg3 Nh5 14. Qf3 Nf6
15. Nd2 Qd7 16. a4 b6 17. Qxa8 Qg4 18. Bb5+ Nd7 19. Qxc8+ Bd8 20. Bxc7 1-0